Miasta z dworcami zakończonymi na "Główny" - Statystyki

Ogólne statystyki
  • Ten quiz został rozwiązany 51 razy
  • Średni wynik to 17 z 25
Statystyki odpowiedzi
Miasto % Poprawnych
Gdańsk
95%
Kraków
95%
Poznań
93%
Gdynia
91%
Wrocław
91%
Lublin
89%
Szczecin
89%
Bydgoszcz
86%
Toruń
86%
Warszawa
84%
Olsztyn
80%
Rzeszów
80%
Kielce
77%
Opole
77%
Radom
73%
Zielona Góra
73%
Bielsko-Biała
55%
Przemyśl
50%
Wałbrzych
41%
Piła
39%
Sosnowiec
39%
Iława
30%
Kłodzko
23%
Łowicz
16%
Podkowa Leśna
5%
Nie znaleziono quizów pasujących do podanych kryteriów
Rozkład punktacji
Procent ludzi z każdym wynikiem
Percentyl według liczby udzielonych odpowiedzi
Twoja historia wyników
Nie rozwiązałeś tego quizu